| 000 | 00741cab a2200229 4500 | ||
|---|---|---|---|
| 001 | WB2247-54 | ||
| 008 | 090401t1986 xxu||||| |||| 00| 0 eng d | ||
| 035 | _a(Sirsi) u40299 | ||
| 041 | _aeng | ||
| 245 | _aIndustrial property | ||
| 260 | _c1986 | ||
| 350 | _a0 | ||
| 490 |
_aFinancial Times _v21/11/86 pp 17-22 5 pages LOAN |
||
| 520 | _aA survey on floorspace,trends,views of investment,development and some key markets,planning use classes ,supply of modern accommodation,design,high tech and rents. | ||
| 650 | _aBUILT ENVIRONMENT-BUILDING COSTS | ||
| 650 | _aHIGH TECH DEVELOPMENT | ||
| 650 | _aINDUSTRIAL SPACE | ||
| 650 | _aSPECIAL REPORT | ||
| 690 | _aPROPERTY-COMMERCIAL PROPERTY | ||
| 942 | _n0 | ||
| 948 | _c04/03/1997 | ||
| 999 |
_c25818 _d25818 |
||